00787nam a22002297a 4500003000500000005001700005008004100022010001000063011001000073035001100083040000900094100001800103245008300121260006400204300001900268490006500287534004600352650003200398650003900430700002300469830006500492CHAP20220329143455.0091204s1967 mx r 00010 spa d a97200 a98172 a108855 cCHAP00aGulich, A. R.10aManual de clasificación de volateríac/por A. R. Gulich y J. C. Fitzgerald aMéxico, D.F. :bCentro Regional de Ayuda Técnica,c1967 a38 p. :bilus. aE.U.A. Department of Agriculture. Agriculture handbookv; 31 pTít. original :tPoultry grading manual14aAves de corralxAnatomía.14aAves de corralxNormas de calidad.0 aFitzgerarld, J. C.0 aE.U.A. Department of Agriculture. Agriculture handbookv; 31